| 000 | 00349nam a22001457a 4500 | ||
|---|---|---|---|
| 003 | OSt | ||
| 008 | 250505b |||||||| |||| 00| 0 eng d | ||
| 100 | _aBHARTIYA,Prof. Bhawanilal | ||
| 245 | _aPandit Shyam ji Krishan Verma | ||
| 250 | _a11th | ||
| 260 |
_aNew Delhi _bArya Prakashan _c2011 |
||
| 300 | _a235 | ||
| 650 | _aGeneral | ||
| 942 |
_2ddc _cBK |
||
| 999 |
_c13529 _d13529 |
||